Effect of salinity stress and osmotica on embryogenesis and plant regeneration from MnSOD transgenic cell lines in Hevea brasiliensis (Record no. 58101)

MARC details
000 -LEADER
fixed length control field 00686nam a2200241Ia 4500
100 ## - MAIN ENTRY--AUTHOR NAME
Personal name Jayashree R
245 #0 - TITLE STATEMENT
Title Effect of salinity stress and osmotica on embryogenesis and plant regeneration from MnSOD transgenic cell lines in Hevea brasiliensis
260 ## - PUBLICATION, DISTRIBUTION, ETC. (IMPRINT)
Name of publisher Journal of Plantation Crops
Year of publication 2012
300 ## - PHYSICAL DESCRIPTION
Number of Pages 199-202
650 ## - SUBJECT ADDED ENTRY--TOPICAL TERM
Topical Term Agrobacterium
650 ## - SUBJECT ADDED ENTRY--TOPICAL TERM
Topical Term Genetic transformation
650 ## - SUBJECT ADDED ENTRY--TOPICAL TERM
Topical Term NaCl
650 ## - SUBJECT ADDED ENTRY--TOPICAL TERM
Topical Term Osmoticum
700 ## - ADDED ENTRY--PERSONAL NAME
Personal name Jayashree P K
700 ## - ADDED ENTRY--PERSONAL NAME
Personal name Jiji M
700 ## - ADDED ENTRY--PERSONAL NAME
Personal name Kala R G
700 ## - ADDED ENTRY--PERSONAL NAME
Personal name Rekha K
700 ## - ADDED ENTRY--PERSONAL NAME
Personal name Sobha S
700 ## - ADDED ENTRY--PERSONAL NAME
Personal name Sushamakumari S
700 ## - ADDED ENTRY--PERSONAL NAME
Personal name Thulaseedharan A
942 ## - ADDED ENTRY ELEMENTS (KOHA)
Koha item type Journals
Holdings
Withdrawn status Lost status Damaged status Not for loan Home library Current library Shelving location Date acquired Serial Enumeration / chronology Koha item type
      Journals RRII Library RRII Library Biotechnology 02/04/2013 Volume 40, Issue 3 Journals